000 01770nam a2200373 c 4500
999 _c188051
_d188051
003 BLK
005 20221111142624.0
008 180411b bul|||||r ||||||| ||bul||
010 _aKNG00197069000
040 _aBLK
041 _aBUL
_cBUL
080 _aМебелно производство. Тапицерство
_b684
_x:744(075.8)
_z684:744(075.8)
100 1 _aТодоров, Милчо
_eпърви автор
_9344488
139 _aТодоров, Милчо и др.
_bТ 64
245 1 0 _aЧертане по мебелно и строително столарство
_bУчебник за I курс на СПТУ по дървообработване
_cМилчо Тодоров; съавт. Йосиф Г. Матеев; съавт. Павел М. Басмаджиев.
250 _a7. изд.
257 _aBGR
260 _aСофия
_bТехника
_c1978
_fШумен : Г. Димитров
300 _a208 с.
_bс ил.
_c24 см
380 _a62
500 _aНа загл. с. авт. Милчо Тодоров означен Милчо Т. Петров. - 1. изд. 1954. - 6 065 тир.
650 4 _aТехническо чертане - учебници за ВУЗ
_9249317
650 4 _aМебелно производство - учебници за ВУЗ
_9338752
653 _aмебелна промишленост
653 _aтехническо чертане
653 _aучебници за ВУЗ
700 1 _aМатеев, Йосиф Г.
_eсъавт.
_9344489
700 1 _aБасмаджиев, Павел М.
_eсъавт.
_9317706
852 _aЦб 93175
856 4 _qpdf
_i0.00
_ldisable
856 4 _qpdf
_i0.00
_ldisable
942 _cKNG
_n0
_s1
944 _aCR
_c30.11.2016
_kРадостина_Карадакова
944 _aED
_c30.11.2016
_kРадостина_Карадакова
999 _d188051
999 _d188051